000 00778cab a2200169 4500
001 ##L131668
008 051129n2005 000 0 eng u
035 _a(Sirsi) u131668
041 0 _aeng
100 1 _aRees, David
245 0 0 _aHow to be PC with leases
260 _c2005
490 _aLaw Society`s Gazette
_v10 November 2005, 32(1)
520 _aDiscusses the introduction of Prescribed Clauses Leases (PCL) in two stages, as required by the Land Registration (Amendment) (No.2) Rules, 2005. Looks at which leases are affected and sets out the 14 prescribed clauses while considering the consequences of incomplete PCL completion.
690 _aPROPERTY-COMMERCIAL PROPERTY-LEASEHOLD COMMERCIAL PROPERTY-COMMERCIAL LANDLORD AND TENANT-COMMERCIAL LEASES
942 _n0
999 _c76234
_d76234